000 00522nam a2200205Ia 4500
005 20240319133026.0
008 131103s9999 xx 000 0 und d
040 _aLoreto College
041 _aEnglish
082 _a150
_bHUR
100 _aHurlock, Elizabeth B.
245 _aDevelopmental Psychology
_cElizabeth B.Hurlock
250 _a A life-span approach
260 _a[s.l.]
_b[s,n.]
_c[19?]
300 _a477p.
504 _aIncludes index
650 _aPsychology
850 _aLCBED
942 _cBK
999 _c26888
_d77367